000 02246nam a2200277Ia 4500
003 OSt
005 20210823120429.0
008 210310s2012 eu ad fr 001 0 eng d
020 _a9781847200358
040 _aCO-JMCR
_cCO-JMCR
041 0 _aeng
082 0 4 _a339.5 /
_bG572m
_223
100 1 _aGnos, Claude,
_917023
_eeditora
245 1 0 _aModern monetary macroeconomics :
_ba new paradigm for economic policy /
_cedited by Claude Gnos and Sergio Rossi
260 _aCheltenham :
_bEdward Elgar,
_c2012
300 _axiii, 302 páginas :
_bilustraciones y gráficas a color ;
_c24 cm.
490 0 _aNew directions in modern economics
500 _aIncluye índice de autores
504 _aBibliografía al final de cada capítulo.
505 0 _aA new analytical approach -- Domestic issues and economic policies -- International issues and economic policies
520 3 _aThis timely book uses cutting-edge research to analyse the fundamental causes of economic and financial crises, and illustrates the macroeconomic foundations required for future economic policymaking in order to avoid these crises. The expert contributors take a critical approach to monetary analysis, providing elements for a new paradigm of economic policymaking at both national and international levels. Major issues are explored, including: inflation, capital accumulation and involuntary unemployment, sovereign debts and interest payment. and the euro-area crisis. Opening new lines of research in the economic and financial crises, this book will prove a fascinating read for academics, students and researchers in the field of monetary economics. Monetary policymakers, central bank officials and international financial organisations will also find the book to be an invaluable resource. Claude Gnos is Senior Research Associate in the Centre for Monetary and Financial Studies at the University of Burgundy, Dijon, France and in the International Economic Policy Institute at Laurentian University, Canada and Sergio Rossi is Full Professor of Economics at the University of Fribourg, Switzerland.
650 1 4 _aMacroeconomía
_917025
650 2 4 _aPolítica económica
_939537
700 1 _aRossi, Sergio,
_eeditor
_939538
942 _2ddc
_cBK
999 _c8353
_d8353